<?xml version="1.0" encoding="UTF-8"?><?xml-stylesheet type="text/xsl" href="static/style.xsl"?><OAI-PMH xmlns="http://www.openarchives.org/OAI/2.0/" xmlns:xsi="http://www.w3.org/2001/XMLSchema-instance" xsi:schemaLocation="http://www.openarchives.org/OAI/2.0/ http://www.openarchives.org/OAI/2.0/OAI-PMH.xsd"><responseDate>2026-06-06T04:32:37Z</responseDate><request verb="GetRecord" identifier="oai:riuma.uma.es:10630/31841" metadataPrefix="marc">https://riuma.uma.es/rest/oai/request</request><GetRecord><record><header><identifier>oai:riuma.uma.es:10630/31841</identifier><datestamp>2026-02-03T11:04:50Z</datestamp><setSpec>com_10630_2254</setSpec><setSpec>col_10630_37953</setSpec></header><metadata><record xmlns="http://www.loc.gov/MARC21/slim" xmlns:dcterms="http://purl.org/dc/terms/" xmlns:doc="http://www.lyncode.com/xoai" xmlns:xsi="http://www.w3.org/2001/XMLSchema-instance" xsi:schemaLocation="http://www.loc.gov/MARC21/slim http://www.loc.gov/standards/marcxml/schema/MARC21slim.xsd">
   <leader>00925njm 22002777a 4500</leader>
   <datafield ind2=" " ind1=" " tag="042">
      <subfield code="a">dc</subfield>
   </datafield>
   <datafield ind2=" " ind1=" " tag="720">
      <subfield code="a">Silva, Carlos A.</subfield>
      <subfield code="e">author</subfield>
   </datafield>
   <datafield ind2=" " ind1=" " tag="720">
      <subfield code="a">Casilari-Pérez, Eduardo</subfield>
      <subfield code="e">author</subfield>
   </datafield>
   <datafield ind2=" " ind1=" " tag="720">
      <subfield code="a">García-Bermúdez, Rodolfo</subfield>
      <subfield code="e">author</subfield>
   </datafield>
   <datafield ind2=" " ind1=" " tag="260">
      <subfield code="c">2024-06-12</subfield>
   </datafield>
   <datafield ind2=" " ind1=" " tag="520">
      <subfield code="a">Timed Up and Go (TUG) test is one of the most popular clinical tools aimed at the assessment of functional mobility and fall risk in older adults. The automation of the analysis of TUG movements is of great medical interest not only to speed up the test but also to maximize the information inferred from the subjects under study. In this context, this article describes a dataset collected from a cohort of 69 experimental subjects (including 30 adults over 60 years), during the execution of several repetitions of the TUG test. &#xd;
In particular, the dataset includes the measurements gath- ered with four wearables devices embedding four sensors (accelerometer, gyroscope magnetometer and barometer) located on four body locations (waist, wrist, ankle and chest). As a particularity, the dataset also includes the same measurements recorded when the young subjects repeat the test while wearing a commercial geriatric simulator, consisting of a set of weighted vests and other elements intended to replicate the limitations caused by aging. Thus, the generated dataset also enables the investigation into the potential of such tools to emulate the actual dynamics of older individuals.</subfield>
   </datafield>
   <datafield ind1="8" ind2=" " tag="024">
      <subfield code="a">https://hdl.handle.net/10630/31841</subfield>
   </datafield>
   <datafield ind1="8" ind2=" " tag="024">
      <subfield code="a">10.1016/j.dib.2024.110621</subfield>
   </datafield>
   <datafield tag="653" ind2=" " ind1=" ">
      <subfield code="a">Ejercicio físico - Evaluación</subfield>
   </datafield>
   <datafield ind2="0" ind1="0" tag="245">
      <subfield code="a">UMATUG: A dataset of inertial signals of older and young adults using a gerontologic simulator collected during instrumented Timed Up and Go (iTUG) tests</subfield>
   </datafield>
</record>
</metadata></record></GetRecord></OAI-PMH>